EFECTIVENESS OF PROSECUTION PROCESS IN MAANAGEMENT OF CHILD DEFILEMENT IN KITUTU CENTRAL SUB COUNTY, KISII COUNTY, KENYA. (Record no. 217138)
[ view plain ]
| 000 -LEADER | |
|---|---|
| fixed length control field | 00653nam a22001577a 4500 |
| 008 - FIXED-LENGTH DATA ELEMENTS--GENERAL INFORMATION | |
| fixed length control field | 260514b |||||||| |||| 00| 0 eng d |
| 050 ## - LIBRARY OF CONGRESS CALL NUMBER | |
| Classification number | THE HQ 784 .S 15 K83 2026 |
| 100 ## - MAIN ENTRY--PERSONAL NAME | |
| Personal name | KWAMBOKA FANNYS |
| 245 ## - TITLE STATEMENT | |
| Title | EFECTIVENESS OF PROSECUTION PROCESS IN MAANAGEMENT OF CHILD DEFILEMENT IN KITUTU CENTRAL SUB COUNTY, KISII COUNTY, KENYA. |
| 260 ## - PUBLICATION, DISTRIBUTION, ETC. | |
| Place of publication, distribution, etc. | KISII, |
| Name of publisher, distributor, etc. | KISII UNIVERSITY PRESS, |
| 300 ## - PHYSICAL DESCRIPTION | |
| Extent | XVIII, 116 P, |
| 500 ## - GENERAL NOTE | |
| General note | INCLUDES BIBLIOGRAPHIC REFERENCES. |
| 650 ## - SUBJECT ADDED ENTRY | |
| Topical term or geographic name entry element | CHILD- SEXUAL ABUSE- KENYA- CASE STUDIES. 2. DEFILEMENT( LAW) - KENYA- EFFECTIVENESS. 3. DEFILEMENT( LAW) - KENYA PROSECUTION. |
| 942 ## - ADDED ENTRY ELEMENTS (KOHA) | |
| Source of classification or shelving scheme | Library of Congress Classification |
| Koha item type | Reference |
| Withdrawn status | Lost status | Source of classification or shelving scheme | Damaged status | Not for loan | Collection | Home library | Current library | Shelving location | Date acquired | Inventory number | Total checkouts | Full call number | Barcode | Date last seen | Copy number | Price effective from | Koha item type |
|---|---|---|---|---|---|---|---|---|---|---|---|---|---|---|---|---|---|
| Library of Congress Classification | Special Research | Kisii University Library | Kisii University Library | On Display | 05/14/2026 | 113720 | THE HQ 784 .S15 K83 2026 | A000408 | 05/14/2026 | 1 | 05/14/2026 | Reference |